Southville International School and Colleges
Your cart is empty.
  • Cart
  • Lists
    Public lists Eva Luna New books Lux_list list_1
    Your lists Log in to create your own lists
  • Log in to your account
  • Your cookies
  • Search history
Southville International School and Colleges
  • Advanced search
  • Recent comments
  • Most popular
  • Libraries

Log in to your account

Log in with GOOGLE


If you do not have an external account, but do have a local account, you can still log in:

  1. Home
  2. MARC view: The art & craft of black & white photography /
Normal view MARC view ISBD view

The art & craft of black & white photography / (Record no. 9145)

[ view plain ]
MARC details
000 -LEADER
fixed length control field 00930cam a2200277 a 4500
001 - CONTROL NUMBER
control field 3523774
003 - CONTROL NUMBER IDENTIFIER
control field OSt
005 - DATE AND TIME OF LATEST TRANSACTION
control field 20140310182059.0
008 - FIXED-LENGTH DATA ELEMENTS--GENERAL INFORMATION
fixed length control field 960304s1997 ilua f 001 0 eng
010 ## - LIBRARY OF CONGRESS CONTROL NUMBER
LC control number 96012466
020 ## - INTERNATIONAL STANDARD BOOK NUMBER
International Standard Book Number 0844257990 (softbound)
040 ## - CATALOGING SOURCE
Original cataloging agency DLC
Transcribing agency DLC
Modifying agency DLC
050 00 - LIBRARY OF CONGRESS CALL NUMBER
Classification number TR 146
Item number .Sch33 1997
082 ## - DEWEY DECIMAL CLASSIFICATION NUMBER
Classification number HS 771
Item number S33 1993
100 1# - MAIN ENTRY--PERSONAL NAME
Personal name Schaub, George.
9 (RLIN) 12577
245 14 - TITLE STATEMENT
Title The art & craft of black & white photography /
Statement of responsibility, etc George Schaub.
246 3# - VARYING FORM OF TITLE
Title proper/short title Art and craft of black and white photography
260 ## - PUBLICATION, DISTRIBUTION, ETC. (IMPRINT)
Place of publication, distribution, etc Lincolnwood, Ill. :
Name of publisher, distributor, etc NTC Pub. Group,
Date of publication, distribution, etc c1997.
300 ## - PHYSICAL DESCRIPTION
Extent 145 p. :
Other physical details ill. some col. ;
Dimensions 28 cm.
500 ## - GENERAL NOTE
General note Includes index.
650 #0 - SUBJECT ADDED ENTRY--TOPICAL TERM
Topical term or geographic name as entry element Photography
General subdivision Amateurs' manuals.
9 (RLIN) 12578
906 ## - LOCAL DATA ELEMENT F, LDF (RLIN)
a 7
b cbc
c orignew
d 1
e ocip
f 19
g y-gencatlg
942 ## - ADDED ENTRY ELEMENTS (KOHA)
Source of classification or shelving scheme Library of Congress Classification
Holdings
Withdrawn status Lost status Source of classification or shelving scheme Damaged status Home library Current library Shelving location Date acquired Total Checkouts Full call number Barcode Date last seen Copy number Price effective from Koha item type
    Library of Congress Classification   Luxembourg Library Luxembourg Library High School Section 08/23/2013   TR 146 .Sch33 1997 7517 08/23/2013 1 10/03/2013 Books

The art & craft of black & white photography /

APA

Schaub G., . (1997). The art & craft of black & white photography. Lincolnwood, Ill: NTC Pub. Group.

Chicago

Schaub George, . 1997. The art & craft of black & white photography. Lincolnwood, Ill: NTC Pub. Group.

Harvard

Schaub G., . (1997). The art & craft of black & white photography. Lincolnwood, Ill: NTC Pub. Group.

MLA

Schaub George, . The art & craft of black & white photography. Lincolnwood, Ill: NTC Pub. Group. 1997.

  • Place hold
  • Print
  • Cite
  • Add to your cart (remove)
  • Save record
    BIBTEX Dublin Core MARCXML MARC (non-Unicode/MARC-8) MARC (Unicode/UTF-8) MARC (Unicode/UTF-8, Standard) MODS (XML) RIS
  • More searches
    Search for this title in:
    Other Libraries (WorldCat) Other Databases (Google Scholar) Online Stores (Bookfinder.com) Open Library (openlibrary.org)

Exporting to Dublin Core...

SOUTHVILLE LIBRARY

Southville International School and Colleges Library

1281 Tropical Ave. Cor. Luxembourg St., BF Homes International, Las Pinas City

Tel. No. 8256374 / 252358 Loc. 117/146

Powered by Koha